Normal view
MARC view
Entry Topical Term
001 - CONTROL NUMBER
- control field: 4784
003 - CONTROL NUMBER IDENTIFIER
- control field: BD-RjUL
005 - DATE AND TIME OF LATEST TRANSACTION
- control field: 20220914092440.0
008 - FIXED-LENGTH DATA ELEMENTS
- fixed length control field: 220914|| aca||aabn | a|a d
040 ## - CATALOGING SOURCE
- Original cataloging agency: BD-RjUL
- Transcribing agency: BD-RjUL
150 ## - HEADING--TOPICAL TERM
- Topical term or geographic name entry element: Algebraic topology
- General subdivision: Mathematics
670 ## - SOURCE DATA FOUND
- Source citation: Work cat.: (BD-RjUL)80348: Dey, Kalyan Kumar 4783, Study of Sums and Products in Some Branches of Mathematics :, 2006